000 00732nam a2200181Ia 4500
008 090124s9999 xx 000 0 und d
082 _b120601
100 _aदिवाणजी शकुंतला
245 _a मी प्रतिभाची आई लिहिते ( आत्मचरित्र )
250 _a1
260 _c1984
300 _a212
600 _aदिवाणजी शकुंतला
630 _a मी प्रतिभाची आई लिहिते ( आत्मचरित्र )
700 _aदिवाणजी शकुंतला
730 _a मी प्रतिभाची आई लिहिते ( आत्मचरित्र )
942 _cBOOK
999 _c166687
_d166687